000
00271nam a22001217a 4500
003
OSt
008
241015b |||||||| |||| 00| 0 eng d
082
_a
633.7105
_b
B51
245
_a
Bhartiya Tambakoo (Hindi) vol.-10
260
_a
1980
300
_a
1-4
942
_2
ddc
_c
PER
999
_c
46472
_d
46472